Thiết kế bài giảng hóa học 12 Nâng cao T.2

Αποθηκεύτηκε σε:
Λεπτομέρειες βιβλιογραφικής εγγραφής
Κύριος συγγραφέας: Cao, Cự Giác
Μορφή: Βιβλίο
Γλώσσα:Undetermined
Έκδοση: H. Nxb. Hà Nội 2008
Θέματα:
Διαθέσιμο Online:http://lrc.tdmu.edu.vn/opac/search/detail.asp?aID=2&ID=20862
Ετικέτες: Προσθήκη ετικέτας
Δεν υπάρχουν, Καταχωρήστε ετικέτα πρώτοι!
Thư viện lưu trữ: Trung tâm Học liệu Trường Đại học Thủ Dầu Một
LEADER 00723nam a2200217Ia 4500
001 TDMU_20862
008 210410s9999 xx 000 0 und d
082 |a 540.72 
090 |b C108 
100 |a Cao, Cự Giác 
245 0 |a Thiết kế bài giảng hóa học 12 
245 0 |b Nâng cao 
245 0 |c Cao Cự Giác (chủ biên), Hồ Thanh Thủy 
245 0 |n T.2 
260 |a H. 
260 |b Nxb. Hà Nội 
260 |c 2008 
300 |a 292tr. 
650 |a Sách lớp 12  |v Thiết kế bài giảng; Hóa học  |x Dạy và học  
856 |u http://lrc.tdmu.edu.vn/opac/search/detail.asp?aID=2&ID=20862 
980 |a Trung tâm Học liệu Trường Đại học Thủ Dầu Một